| 000 | 00551nam a2200205Ia 4500 | ||
|---|---|---|---|
| 003 | OSt | ||
| 005 | 20230419094032.0 | ||
| 008 | 210423s2008 xx 000 0 und d | ||
| 020 | _a8184120788 | ||
| 040 | _cAL | ||
| 041 | _aeng | ||
| 082 | _a510 DASN | ||
| 100 |
_aDAS (Nanda Ram);RAJKHOWA (Pranjal). _990353 |
||
| 245 | _aTextbook of degree mathematics: book two. | ||
| 260 |
_aNew Delhi _bAsian Books Pvt Ltd _c2008 |
||
| 300 |
_axii,27.83 _bPB |
||
| 365 |
_b395 _cINR |
||
| 906 | _adegree ; mathematics: ; Textbook ; two. | ||
| 942 |
_2ddc _cBK |
||
| 999 |
_c160126 _d160126 |
||